Responses for show #4934 - Thursday, February 9, 2006

2006 Teen Tournament quarterfinal game 4.

Contestants

Kenny Schlax, a junior from Deerfield, Illinois

Allison Peña, a junior from Sunrise, Florida

Papa Chakravarthy, a sophomore from Lexington, Kentucky

Jeopardy! Round responses

WORLD CAPITALS
TODAY'S HOROSCOPE
JR.'s & SR.'s
FRUITS & VEGGIES
TOOLS OF THE TRADE
RHYMES WITH TEEN
    $200 1
Stockholm

Papa
    $200 16
Leo

Papa
    $200 26
Martin Luther King Day

Papa
    $200 6
broccoli & cauliflower

Kenny
    $200 11
a jeweler

Allison
    $200 21
clean

Allison
    $400 2
Asunción

Kenny
    $400 17
Taurus

Allison
    $400 27
(Kenny: Who is Shepard?)

(John) Glenn (Jr.)

PapaKenny
    $400 7
grapes

Kenny
    $400 12
a mallet

Papa
    $400 22
a scene

Allison
    $600 3
Dublin

Triple Stumper
    $600 18
Pisces

Allison
    $600 28
(Papa: Who is Arquette?)

Sarah Michelle Gellar

PapaAllison
    $600 8
melon

Allison
    $600 13
(Kenny: What is defense? Self-defense?)
(Alex: No. Well, be more specific, I'll give you a shot at it.)
(Kenny: What is, uh, repellent?)

dog repellent (defense from dogs accepted)

PapaKenny
    $600 23
a gene

Kenny
    $800 4
(Alex: [*], in Iceland, yes.)

Reykjavik

Papa
    $800 19
Cancer

Papa
    $800 29
a general

Kenny
    $800 9
Brussels sprouts

Papa
    $800 14
X-rays

Kenny
    $800 24
a spleen

Kenny
    $1,000 5
Tehran

Papa
    $1000 20
Aquarius

Papa
    $1000 30
Earnhardt

Kenny
    $1000 10
a pear

Triple Stumper
    $1000 15
a centrifuge

Papa
    $1000 25
glean

Kenny

Scores at the first commercial break (after clue 15):

Papa Allison Kenny
$4,800 $800 $1,200

Scores at the end of the Jeopardy! Round:

Papa Allison Kenny
$6,800 $3,000 $5,000

Double Jeopardy! Round responses

AROUND THE BODY
SINGLE WOMEN
TAKING FLIGHT
FAMOUS FACES
ANIMAL ADVERSARIES SPEAK
(Alex: We want you to name the literary work in which we give you the animal's side of the story.)
"X" BOXED
(Alex: Notice the "X" in quotation marks. It will come up in each correct response and it will be in dead center of the word.)
    $400 2
the brain

Kenny
    $400 21
Gwen Stefani

Kenny
    $400 7
the Goodyear Blimp

Kenny
    $400 24
Lance Armstrong

Kenny
    $400 1
Moby-Dick

Kenny
    $400 12
(Allison: Who are the Oilers?)

a Texan

PapaAllison
    $800 3
the canines

Allison
    $800 22
(Allison: Who is Diana DeGarmo?)
(Papa: Who is Fantasia Barber?)

Fantasia Barrino

PapaAllison
Triple Stumper
    $800 8
Hercules

Kenny
    $800 25
Benjamin Franklin

Allison
    $800 13
Jurassic Park

Allison
    $800 17
maxed

Kenny
    $1200 4
hiccups

Papa
    $1200 23
Mariah Carey

Triple Stumper
    $1200 9
(Papa: Who is Lindbergh?)
...
(Alex: Way before that. Wilbur [*] was the pilot.)

Wright

Papa
Triple Stumper
    $1200 28
(Joseph) Lieberman

Papa
    $1200 14
The Jungle Book

Papa
    $1200 18
a toxin

Allison
    $1600 5
the retina

Kenny
    $1600 26
Ciara

Allison
    $1600 10
Hughes

Kenny
    $1600 29
Henry VIII

Allison
    $3,000 15
(Alex: Napoleon the pig speaking.)

Animal Farm

Papa
    $1600 19
a mixer

Kenny
    $1,000 6
(Alex: You don't look very happy about this, Kenny. Are you not pleased that you uncovered the Daily Double?)
(Kenny: [Mutters] Oh, no--I just--gotta--figure out what to--bet.)
(Alex: I didn't understand a word you said except "No".)
...
(Kenny: What is liver?)
...
(Alex: You have only one liver but you have two [*].)

kidneys

Kenny
    $2000 27
(Alicia) Keys

Papa
    $2000 11
Qantas

Kenny
    $2000 30
Tony Blair

Allison
    $2000 16
Beowulf

Triple Stumper
    $2000 20
Pixar

Allison

Scores at the end of the Double Jeopardy! Round:

Papa Allison Kenny
$13,800 $12,600 $14,400

Final Jeopardy! Round responses

CONGRESS
(Alex: They're all too young to vote!)
(Alex: Not all of the dogs in the group of 30 or 40 or 50 are really sharp, and some of them, instead of pursuing the scent of the fox, will wander off, and you need someone to whip them back into line.)
...
(Alex: [To Kenny] Big risk, didn't pay off.)
AllisonWhat is the whip?
$3,800
PapaWhat is a whip?
$4,200
KennyWhat is a paige?
$13,201
the whip

Final scores:

Papa Allison Kenny
$18,000 $16,400 $1,199
Automatic semifinalist 2nd place: $5,000 if eliminated 3rd place: $5,000 if eliminated

Game dynamics:

Coryat scores:

Papa Allison Kenny
$12,400 $12,600 $15,400
18 R
(including 2 DDs),
3 W
15 R,
2 W
20 R,
3 W
(including 1 DD)

Combined Coryat: $40,400

The J! Archive is created by fans, for fans. The Jeopardy! game show and all elements thereof, including but not limited to copyright and trademark thereto, are the property of Jeopardy Productions, Inc. and are protected under law. This website is not affiliated with, sponsored by, or operated by Jeopardy Productions, Inc. Join the discussion at JBoard.tv.